000 00454nam a2200157Ia 4500
008 230312s9999||||xx |||||||||||||| ||und||
020 _a0-07-112580-9
082 _a510
_bBUD-A
100 _aBudnick Frank , S.
245 0 _aApplied Mathematics For Business, Economics , and the Social Sciences
260 _bMcGraw Hill
_aNew York
_c1993
300 _a993
546 _aEng.
650 _aAccounting
_vSome Preliminaries , Linear Wquations
942 _cBK
999 _c2049
_d2049